Fini les paroles : Niska - Statistiques

Statistiques générales
  • Ce quiz a été pris 124 fois
  • Le résultat moyen est 7 sur 30
Statistiques - réponses
Chansons Nombre de mots manquants Paroles Réponse % Correct
Réseaux 1 Je ferme pas ma gueule mais qu'est-ce tu vas faire?J'ai posé les bourous dans l're-fou
J'm'en bats les lles-coui, je suis une...
Boulangère
95%
Matuidi Charo (PSG) 1 Lunettes teintées
Phares xénon, vitres teintées
J'partais au...
Charbon
69%
Médicament 1 Je suis venu dans l'inconnu J'repartirai inoubliable Baby mama est trop... Têtue
64%
Chasse à l'homme 2 Ils ont pas compris (hein) Ramène mon fusil (ramène) Ils... Reviendront jamais
63%
Salé 5 T'as voulu la vie de Tony dans la rue mais l'addition est salée Ne joue pas le gros dans la street, tu te feras monter par un cadet J'ai grandi dans l'illégal, au phone... Il ne faut jamais parler
53%
Méchant 1 Nous, c'est les méchants, eux c'est les schmettas, tous mes acolytes sont des braves J'peux pas faire doucement, téma la gova, j'suis dans le Audi RS3 J'fais d'l'oseille en dormant et quand j'me réveille, j'allume mon pétard dès l'... Matin
47%
Adriano 2 4-4-2, elle a trop d'kilomètres au compteur En détente, j'la fais crier sans vocodeur Gros joint d'beuh, frontière allemande... Nouveau moteur
39%
Bâtiment 1 Les gens nous ont mis trop de disquettes, pris pour des cons On a finit par capter le vice Des fois quand je fume je repense à son cul, j'prends mon gamos et j'repars la... Voir
35%
Tuba Life 4 Mon bigo a trop d'appels manqués Non, c'n'est pas ma meuf, elle a voulu du cul, je l'ai koké Gros, si c'est la hess, j'irai pister le... Voisin d'à côté
34%
Medellín 2 Les sœurs des gens sont dans les telo, les toxicos sont dans les bureaux Mon cellulaire est sous écoute, la brigade des stups sont mes auditeurs Les petits n'en ont plus rien à foutre, la haine a remplacé... La peur
30%
Mapess 2 Cryptomonnaie, monnaie d'échange Sors les bouteilles, on va fêter L'hôtel est en mauvais état, dans tout les cas, c'est... La cité
23%
W.L.G 2 De milliers d'euros j'me gaveUn gang où il y a que des braves Impossible de baisser... Les armes
22%
Journée 3 Oh, pour mes boug an mwen, Sossa, Fredo, Chicago
Oh, oh, comme j'suis trop charo, elle va prendre un Citygo
Chacal, j'ai le fer, ramène...
Tous tes camarades
22%
Siliconé 3 Pas là pour ber-flam, venu pour ter-chan Disque de diamant, récompense J'veux coucher des gens... Depuis un moment
15%
Alexander 1 La meilleure des défenses c'est l'attaque Charo, le temps est compté Un parcours dans l'sale, il faut remplir le... Sac
15%
Jota 3 Stop tes manigances, rien ne sert d'y penser T'es taillée comme un diamant, j'ai de quoi dépenser Quand j'te vois si tu savais c'que j'ai... Dans mes pensées
14%
Amour X 3 Ces jaloux vont vouloir ta mort Et je pense à toi toute la journée Je veux être près... De ton corps
14%
Le monde est méchant 2 Vos rappeurs se font racketter Nouveau gamos, té-ma l'habitacle Y a qu'les flockos qui s'donnent... En spectacle
14%
La zone est minée 2 Ma voiture est rayée, j'achète une deuxième
Chacal c'est quoi le boulot? J'bosse dans tous les domaines
Si j'ai bien calculé, c'week-end, j'empoche...
Trente mille
12%
N.I 1 Combien d'négros que j'ai coupé? Après la fête, on attendait les bougs Personne n'est venu pour... Zouker
12%
Stop 1 Et dans tes putains d'interviews tu dis qu'tu fais ça sans effort
Tu connais d'jà l'matricule, elle aime quand je gesticule
Bébé aime la pédicure, oh, j'trouve ça...
Ridicule
11%
Commando 1 Cassage de porte, le chien a reniflé les bailles Ce soir je finis dans l'C4 J'contrôle la zone comme... Bonaparte
8%
R.A.S 4 T-max, Arai, même ton gourou peut pas prédireC'est tant pis pour ceux qui veulent jouer les cons, on restera méchant C'est Charo, BSB Gang, on s'mélange pas, on... Aime pas les gens
6%
J'suis dans l'baye 2 Va faire du shopping, sur la commode y'a ma liasse Prend les clés d'la gov, s'il te plaît n'fait pas d'trace Charo c'est charo, toujours... Avec classe
5%
Bon déjà 6 Impoli-poli-poli, j'reviens en Tmax, tu sais qu'c'est foutu
Évidemment, qu'j'ai capté le bail, je passe en radio à faire que du sale
Évry, c'est nous les méchants chacals qui cassent...
Des gueules en tirant l'alarme
5%
Blue Magic 3 J'me déteste quand j'fais pas d'oseilleJ'suis dans l'réseau, pas dans le social Tête de beuh brille... Comme le cristal
4%
Mama Lova 1 Bah ptetre que son frère est sur le rainté Et pourquoi l'autre fois tu t'es chier dessus T'avais vraiment cru que j'allait te... Planter
2%
Tony Montana 3 XXXX, tu n'as pas d'argent, oza loku Les rageux, les jaloux parlent beaucoup Ils finiront pas m'lécher... Tôt ou tard
1%
Solo 3 Elle veut des likes, elle en devient une chienne, sa mère L'amour, c'est toxique et remplit de haine, c'est dead Tu sais, quelque part dans ma tête, j'y repense... tous les jours
1%
Gâté 1 C'est qu'tu méritais pas Blessé au cœur, une fois partie, on est jamais revenu Charismatique, parfois... Toxique
1%
Aucun quiz correspondant
Distribution des résultats
% des personnes avec chaque résultat
Percentile par nombre de réponses
Votre historique - résultats
Vous n’avez pas pris ce quiz